000 00678nmc a2200265 a 4500
003 AR-BaBNM
005 20251128211321.0
008 054020s1984 ||||||||||||||000 | spa||
020 _a950-04-0288-2
040 _cAR-BaBNM
100 1 _aJames, P.D.
245 1 0 _aEl cráneo bajo la piel
250 _a1ª ed.
260 _aBuenos Aires
_bEmecé Editores
_c1984
300 _a284 p.
490 0 _aGrandes maestros del suspenso
650 4 _aLITERATURA INGLESA
650 4 _aLITERATURA CONTEMPORANEA
653 _aNOVELA POLICIAL
653 _aNOVELA DE INTRIGA
655 _aLITERATURA
700 1 _aAboaf, Martha
_etraductor
942 _cBK
998 _cmartin
999 _c19128
_d19128